| 000 | 02712nam a2200505 i 4500 | ||
|---|---|---|---|
| 001 | 5093147 | ||
| 003 | CZ PrSKC | ||
| 005 | 20250423110518.0 | ||
| 007 | ta | ||
| 008 | 250408s2025 xr g 000 jacze | ||
| 020 | _a9788024956534 | ||
| 040 |
_aABG001 _bcze _erda |
||
| 072 | 7 |
_a821.162.3-3 _xČeská próza _2Konspekt |
|
| 072 | 7 |
_a929 _xBiografie _2Konspekt |
|
| 080 |
_a821.162.3-32 _2MRF |
||
| 080 |
_a821.162.3-055.2 _2MRF |
||
| 080 |
_a81'25-055.2 _2MRF |
||
| 080 |
_a316.728 _2MRF |
||
| 080 |
_a929 _2MRF |
||
| 080 |
_a(437.3) _2MRF |
||
| 080 |
_a(410.1) _2MRF |
||
| 080 |
_a(0:82-322.6) _2MRF |
||
| 100 | 1 |
_aWhitton, Hana, _d1950- _4aut _92376 |
|
| 245 | 1 | 0 |
_aJak si po anglicku učesat trávník / _cHana Whitton |
| 250 | _aVydání první | ||
| 264 | 1 |
_aPraha : _bIkar, _c2025 |
|
| 300 |
_a244 stran ; _c21 cm |
||
| 500 | _aObálkový podnázev: anglické příhody | ||
| 520 | 2 |
_aSvět se mění, ale Kingston zůstává... Volné pokračovaní humoristické kingstonské série přibližuje další osudy a příběhy obyvatel půvabné anglické obce. _bNa loukách se pasou zvědavé ovečky místního farmáře, zámecká paní stále vymýšlí nové projekty jak vybřednout z dluhů, sousedka Muriel překypuje převratnými novinkami z vesnice a rázovití staromládenečtí bratři Rusty a Speedy neztrácejí vyřídilku... prostě všechno je, jak má být. To však neznamená, že se v Kingstonu nic neděje, právě naopak: do vesnice vtrhne větrná smršť, místní se musí vypořádat s vpádem exotické zvěře, a navíc se hledá Mimmi a autorka s manželem se vydávají po stopách královraha. Čtenáři mají jedinečnou příležitost se k nim přidat a zase jednou navštívit malebnou anglickou vísku, do níž se autorka před lety přestěhovala. Její vyprávění pohladí po duši stejně jako pohled na dokonalý hedvábný anglický trávník. Nakladatelská anotace. |
|
| 600 | 1 | 7 |
_aWhitton, Hana, _d1950- _2czenas _92376 |
| 648 | 7 |
_a21. století _2czenas _9395 |
|
| 648 | 7 |
_a20.-21. století _2czenas _9117 |
|
| 650 | 0 | 7 |
_ačeské spisovatelky _y20.-21. století _2czenas _96731 |
| 650 | 0 | 7 |
_apřekladatelky _zČesko _y20.-21. století _2czenas _919326 |
| 650 | 0 | 7 |
_akaždodenní život _zAnglie _y21. století _2czenas _919327 |
| 650 | 0 | 9 |
_aCzech women authors _y20th-21st centuries _2eczenas _9119 |
| 650 | 0 | 9 |
_awomen translators _zCzechia _y20th-21st centuries _2eczenas _919328 |
| 650 | 0 | 9 |
_aeveryday life _zEngland _y21st century _2eczenas _919329 |
| 655 | 7 |
_ačeské příběhy _92 |
|
| 655 | 7 |
_aautobiografické příběhy _9120 |
|
| 655 | 9 |
_aCzech stories _96 |
|
| 655 | 9 |
_aautobiographical stories _9122 |
|
| 910 | _aABG508 | ||
| 999 |
_c33117 _d33117 |
||